000 00632nam a22001937a 4500
999 _c11608
_d11608
003 OSt
005 20200206101532.0
008 181213b ||||| |||| 00| 0 eng d
022 _a00116009
040 _c0
082 _aDPer 792.805 D19 Mar-Aug 2016 v.90, n.3-8
100 _aCrabb, Michael.
_933246
245 _aGuillaume cote:
_bthe raising choreographer premieres his first evening-length work/
_cMichael Crabb
260 _aNew York:
_bDance Media,
_c©Mar-Aug 2016.
300 _av90 n6, page 20.
_bcolored illustrations:
_c25 cm.
500 _aDance magazine
650 _aDance
_933109
_xChoreographer.
942 _2ddc
_cPER